000 00743 a2200229 4500
001 41301
005 20260407155707.0
008 260407a1989 arg spa d
003 AR-UNSa-BCEJYS
040 _aAR-UNSa-BCEJYS
_bspa
_cAR-UNSa-BCEJYS
080 _a347.91
_xProcedimientos civiles particulares (Derecho Procesal Civil)
245 1 0 _aManual de derecho procesal civil
020 _a950-20-0398-5
250 _a7a. ed.
264 1 _aBuenos Aires :
_bAbeledo Perrot
_c1989
300 _a2 v. (617 ; 567 p.)
_c23 cm.
505 _aVol. I: 1. Nociones preliminares - 2. -- Vol. II: 24. La sentencia definitiva - 25.
041 _aspa
942 _cBK
590 _aniveau_biblio:m niveau_hierar:0
100 1 _aPalacio, Lino Enrique
999 _c3446
_d3446